Word Ladder: Be Mine, Valentine Quiz Stats

 Plays Quiz Updated Feb 14, 2015

Challenge
Share
Tweet
Embed
Score 0/40 Timer 04:00
0 Plays Today
Clue 5-Letter Rung % Correct
Turn red, perhaps after a kissBLUSH
96%
Dentist's adviceBRUSH
95.4%
Peek at the answersCHEAT
95.1%
Impressive poker handFLUSH
94.4%
Rams and lambsSHEEP
93.8%
Bed coverSHEET
93.7%
Treasure boxCHEST
93.6%
Feature of a pizza or earthCRUST
93.3%
Romantic infatuationCRUSH
93.2%
Family symbolCREST
93.2%
Lightning burstFLASH
92.8%
Chick's soundCHEEP
91.8%
What one hopes not to be on Valentine's DayALONE
91.6%
StingyCHEAP
91.3%
NearbyCLOSE
87.7%
SelectedCHOSE
87.7%
Laboratory vesselFLASK
86.5%
Bird of childbirthSTORK
86.4%
Go afterCHASE
86.3%
AdhereSTICK
86.2%
Clue 5-Letter Rung % Correct
Wild hogsBOARS
85.8%
Pack awaySTORE
85.4%
Diamond, e.g.STONE
85.4%
DoppelgangerCLONE
84.4%
Soup baseSTOCK
84.4%
Make amendsATONE
84.1%
Chick's movie?FLICK
84.1%
Surfer's needBOARD
84%
Smooth-talkingSLICK
83.7%
Gravy holdersBOATS
83.1%
Makes small talkCHATS
82.8%
Got word ofHEARD
82.2%
Layers of paintCOATS
80.6%
AccumulateHOARD
80.5%
ScorchesCHARS
78.4%
Deep gorgeCHASM
77.3%
Personality asset that can woo a loverCHARM
76.9%
Publicity agentFLACK
75.5%
One's valentine: [First Rung]_____HEART
74.1%
One's valentine: _____[Last Rung]SWEET
67.6%

Today's Daily Dose

Missing Word
Entertainment 'L'

Word Ladder
Fingers

Quick Pick
When in Rome

On This Day
December 15th II

You're not logged in!

Compare scores with friends on all Sporcle quizzes.
OR
Log In

You Might Also Like...

Show Comments

Extras

Top Quizzes Today


Score Distribution

Your Account Isn't Verified!

In order to create a playlist on Sporcle, you need to verify the email address you used during registration. Go to your Sporcle Settings to finish the process.

Report this User

Report this user for behavior that violates our Community Guidelines.

Details: